| 000 | | | 04471nmc2a22000003x 450 |
| 001 | | | 66753a5e-aa43-4365-b850-5ead9ae66565 |
| 005 | | | 20181227230253.0 |
| 100 | ## | $a | 20170703l18481848k l0rusy0189 ca |
| 101 | 0# | $a | rus |
| 102 | ## | $a | RU |
| 200 | 1# | $a | Дело об аресте и отобрании показаний вольнонаемного портного Дмитрия Вихрова |
| | $j | 23 февраля - 19 июля 1848 г. |
| 251 | ## | $c | Дело |
| 300 | ## | $a | По Санкт-Петербургской дирекции за 1848 год |
| 300 | ## | $a | Ориг. заголовок дела: Дело о препровождении к господину санкт-петербургскому обер-полицеймейстеру дворового человека, находившегося в числе наёмных портных по гардеробу Дмитрия Вихрова за подозрение в составлении записки от имени экзекутора Гайдукова и получении по ней от купца Погребова четырёх кусков атласа. 23 февраля 1848 г. - 19 июля 1848 г |
| 801 | #0 | $a | RU |
| | $b | РГИА |
| | $c | 20170703 |
| | $g | RCR |
| 801 | #1 | $a | RU |
| | $b | ГлавНИВЦ |
| | $c | 20170703 |
| | $2 | rusmarc |
| 801 | #2 | $a | RU |
| | $b | ПБ им. Б.Н. Ельцина |
| | $c | 20181227 |
| | $g | RCR |
| | $2 | rusmarc |
| 850 | ## | $a | РГИА |
| 852 | ## | $a | РГИА |
| | $e | Федеральное казенное учреждение "Российский государственный исторический архив" (РГИА) |
| | $j | 11732 |
| 937 | ## | $h | РГИА |
| | $d | 12246943 |
| | $a | ASBIBLIO_SCAN |
| 462 | #0 | $1 | 001dd3991dc-24e1-42ec-8838-ca4255420416 |
| | $1 | 2001 |
| | $a | 1746-1850 гг. |
| | $1 | 251 |
| | $c | Опись |
| | $1 | 852 |
| | $j | 1 |
| 461 | #0 | $1 | 0019264ebf8-de62-4f1a-9eb4-9f22098dbbd5 |
| | $1 | 2001 |
| | $a | Дирекция императорских театров МИДв |
| | $1 | 251 |
| | $c | Фонд |
| | $1 | 852 |
| | $j | 497 |
| 215 | ## | $a | 22 л. |
| | $d | 36,5х26 см |
| 371 | ## | $a | Документ не является опубликованным и широко распространяемым |
| 105 | ## | $a | y### |
| 122 | 2# | $a | d |
| 517 | 1# | $a | Дело о препровождении к господину санкт-петербургскому обер-полицеймейстеру дворового человека, находившегося в числе наёмных портных по гардеробу Дмитрия Вихрова за подозрение в составлении записки от имени экзекутора Гайдукова и получении по ней от купца Погребова четырёх кусков атласа. 23 февраля 1848 г. - 19 июля 1848 г |
| 035 | ## | $a | 66753a5e-aa43-4365-b850-5ead9ae66565 |
| 856 | ## | $u | http://readingroom.main.prlib.ru/item.aspx?id_node=n122576397&mode=full |